LEADER 01302cam1 22003131 450 001 SOBE00051076 005 20221117091410.0 100 $a20160211f0000 |||||ita|0103 ba 101 $aita 102 $aIT 200 1 $aCrestomazia italiana cioč scelta di luoghi insigni o per sentimento o per locuzione raccolti dagli scritti italiani di autori eccellenti di ogni secolo$fda Giacomo Leopardi 210 $aNapoli$cV. Morano 215 $avolumi$d19 cm 463 1$1001SOBE00051078$12000 $a<<1: >>Crestomazia prosaica 463 1$1001SOBE00051080$12000 $a<<2: >>Crestomazia poetica 463 1$1001SOBE00073408$12000 $a<<1: >>Crestomazia prosaica 463 1$1001SOBE00073409$12000 $a<<2: >>Crestomazia poetica 463 1$1001SOBE00073821$12000 $a<<1: >>Crestomazia prosaica 463 1$1001SOBE00073822$12000 $a<<2: >>Crestomazia poetica 463 1$1001SOBE00073912$12000 $a<<1: >>Crestomazia prosaica 463 1$1001SOBE00073913$12000 $a<<1: >>Crestomazia prosaica 500 10$aCrestomazia italiana$3SOBA00025603$9142397 700 1$aLeopardi$b, Giacomo <1798-1837>$3AF00006808$4070$0292683 801 0$aIT$bUNISOB$c20221117$gRICA 912 $aSOBE00051076 940 $aM 102 Monografia moderna SBN 941 $aM 996 $aCrestomazia italiana$9142397 997 $aUNISOB